000 00593nam a2200241Ia 4500
003 OSt
005 20220918195252.0
006 a|||||r|||| 00| 0
007 ta
008 220917b |||||||| |||| 00| 0 eng d
024 _a84,419
037 _cTextual
040 _aARTS
_cARTS
_beng
041 _2eng
_aeng
082 _aS8, L4
100 _aGood Paul
_989873
245 0 _aIndividual
260 _aN.Y
_bTime Life BVooks
_c1974
490 _aHuman behavior; 1974
650 _aSOCIAL PSYCHOLOGY
942 _hS8, L4
_cTEXL
_2CC
999 _c208133
_d208133